01114naa#a2200169#i#4500001001500000005001700015011001400032100004100046101000800087102000700095200017600102210053800278215001000816608004500826700005200871856002100923RU\\bibl\6611420260514085513.4##a2074-1618##a20140625b2014####ek#y0rusy0150####ca0#aRUS##aRU1#aМЕТОДИКА ПОДГОТОВКИ СБОРНЫХ КОМАНД УНИВЕРСИТЕТА К СПАРТАКИАДЕ МЧС РОССИИeЖурнальная статья1#aСанкт-ПетербургcСанкт-Петербургский университет Государственной противопожарной службы Министерства Российской Федерации по делам гражданской обороны, чрезвычайным ситуациям и ликвидации последствий стихийных бедствий имени Героя Российской Федерации генерала армии Е.Н. Зиничеваd2014##a3 с.##aЖурнальная статья2local#1aАгановgСергей Самуилович4#ajournals.igps.ru